The Building Regulations 2010 (Record no. 83127)
[ view plain ]
| 000 -LEADER | |
|---|---|
| fixed length control field | 00816cab a22002175a 4500 |
| 001 - CONTROL NUMBER | |
| control field | L152870 |
| 008 - FIXED-LENGTH DATA ELEMENTS--GENERAL INFORMATION | |
| fixed length control field | 110509s2011 xxk 000 0 eng d |
| 035 ## - SYSTEM CONTROL NUMBER | |
| System control number | (Sirsi) u152870 |
| 041 0# - LANGUAGE CODE | |
| Language code of text/sound track or separate title | eng |
| 100 1# - MAIN ENTRY--PERSONAL NAME | |
| Personal name | Crossley, Mark |
| 245 04 - TITLE STATEMENT | |
| Title | The Building Regulations 2010 |
| 260 ## - PUBLICATION, DISTRIBUTION, ETC. | |
| Date of publication, distribution, etc. | 2011 |
| 490 #0 - SERIES STATEMENT | |
| Series statement | Hogan Lovells Real Estate Quarterly |
| Volume/sequential designation | Spring 2011, 10-11(2) |
| 520 ## - SUMMARY, ETC. | |
| Summary, etc. | The procedures for compliance with the Building Regulations remain a mystery to many. Provides an overview of the regime and highlights questions that purchasers of property should ask. |
| 590 ## - LOCAL NOTE (RLIN) | |
| Local note | KA |
| 650 24 - SUBJECT ADDED ENTRY--TOPICAL TERM | |
| Topical term or geographic name entry element | BUILDING REGULATIONS APPROVED DOCUMENTS 2010 |
| 650 24 - SUBJECT ADDED ENTRY--TOPICAL TERM | |
| Topical term or geographic name entry element | BUILDING AND APPROVED INSPECTORS (AMENDMENT) REGULATIONS 2010 |
| 651 #4 - SUBJECT ADDED ENTRY--GEOGRAPHIC NAME | |
| Geographic name | England and Wales |
| Chronological subdivision | 1543- |
| 690 ## - LOCAL SUBJECT ADDED ENTRY--TOPICAL TERM (OCLC, RLIN) | |
| Topical term or geographic name as entry element | Building regulations |
| 9 (RLIN) | 6224 |
| 942 ## - ADDED ENTRY ELEMENTS (KOHA) | |
| Suppress in OPAC | 0 |
| Withdrawn status | Lost status | Source of classification or shelving scheme | Damaged status | Not for loan | Home library | Current library | Shelving location | Date acquired | Total Checkouts | Full call number | Barcode | Date last seen | Copy number | Price effective from | Koha item type |
|---|---|---|---|---|---|---|---|---|---|---|---|---|---|---|---|
| Dewey Decimal Classification | London | London | Journal article | 09/05/2011 | L152870 | 152870-1001 | 06/08/2019 | 1 | 06/08/2019 | Journal article |